000 00979cam a2200301 4500
001 ABS64753
008 011203n2001 000 0 eng u
035 _a(Sirsi) u115824
110 _aDavis Langdon and Everest
_91155
245 _aCost update
260 _c2001
490 _aBuilding
_v266(8209) 9 November 2001, 67-69(3)
520 _aDavis Langdon & Everest's cost update examines prices being tendered in the lifts and escalators market which reveal that there is a downturn in input costs and output costs, while plumbers are benefiting from a wage rise.
590 _aABS
650 _aLIFTS
650 _aESCALATORS
650 _aINPUT COSTS
650 _aOUTPUT COSTS
650 _aELECTRICIANS
650 _aINDICES
650 _aPLUMBERS
650 _aDAYWORK RATES
650 _aCIVIL ENGINEERING
650 _aBUILT ENVIRONMENT-BUILDING MATERIALS
650 _aPRICE MOVEMENTS
690 _aBUILT ENVIRONMENT-BUILDING COSTS
942 _n0
999 _c68994
_d68994